Statistics for KPOP: EXO MV songs by release date

Click here to take the quiz!

General Stats

  • This quiz has been taken 202 times
    (195 since last reset)
  • The average score is 14 of 21

Answer Stats

DateSong% Correct
July 31, 2013Growl
89%
December 13, 2018Love Shot
89%
April 07, 2012Mama
89%
June 08, 2016Monster
89%
March 31, 2015Call Me Baby
88%
July 18, 2017Ko Ko Bop
88%
November 02, 2018Tempo
86%
May 30, 2013Wolf
86%
August 17, 2016Lotto
77%
May 06, 2014Overdose
75%
September 05, 2017Power
74%
June 02, 2015Love Me Right
72%
March 08, 2012History
66%
June 08, 2016Lucky One
63%
December 26, 2017Universe
55%
January 29, 2012What is Love
54%
December 04, 2013Miracles in December
49%
December 09, 2015Sing For You
45%
December 18, 2016For Life
38%
December 11, 2015Lightsaber
33%
December 05, 2017Electric Kiss
32%

Score Distribution

Percentile by Number Answered

Percent of People with Each Score

Your Score History

You have not taken this quiz since the last reset